00225nam a2200097Ia 4500008004100000100002300041245002500064260001700089260000900106546001200115170619s9999 xx 000 0 und d aPressman- Roger S. 0aSoftware Engineering bMc Graw Hill c2005 aENGLISH